000 00580nam a22002177a 4500
999 _c459090
_d459090
001 216217012
003 UA-OsUOA
005 20200504112253.0
008 200504b un ||||| |||| 00| 0 ukr d
040 _aUA-OsUOA
_bukr
_cUA-OsUOA
_dUA-OsUOA
041 _aukr
080 _a821.161.1
090 _a821.161.1
_bВ31
100 _aВерес Г
245 _aЯрослав Ивашкевич
_cГригорий Вервес
260 _aМосква
_bСоветский писатель
_c1985
300 _a252 с.
650 _2821
942 _2udc
_cBK
955 _a3